000 00944nam a2200229 a 4500
001 53856
003 BD-RjUL
005 20211209080031.0
008 161027r19911984ii ||||| |||| 00| 0 ben d
020 _c: IRs 35.00
035 _a(BD-RjUL)53978
040 _aBD-RjUL
_bben
_cBD-RjUL
041 _aben
082 _223
_a616.89
_bROA 1991
100 _aরায়চৌধু্রী, অরুণকুমার
_9160872
245 1 0 _aঅস্বাভাবিক মনস্তত্ত্ব /
_cঅরুণকুমার রায়চৌধু্রী
260 _aকলিকাতা :
_bপাশ্চিমবঙ্গ রাজ্য পুস্তক পর্ষদ,
_c১৯৮৪ [মুদ্রণ ১৯৯১]
300 _axi, ৪৩৮ পৃ. ;
_c২১ সেমি.
650 _aমনোবিকারতত্ত্ব
_9160873
650 _apsychopathology
_9160874
942 _2ddc
_cBK
_01
999 _c53856
_d53856